000 00626nab a2200181 4500
001 244442
003 OSt
005 20240409132931.0
007 tu
008 200917s2020|||||||
040 _aDE-2950
_cDE-2950
245 0 0 _a200 Menschen demonstrieren
_bProtest. Beim jährlichen Ostermarsch sind Frankfurter und Teilnehmende aus dem Umland auf die Straße gegangen. Ihre Forderungen waren zum Teil unterschiedlich/
_cLisa Larossa
264 _c2024
653 _aFrankfurt (Oder)
653 _aOstermarsch
773 0 _g35. Jahrgang (2024) Nr. 77 vom 02.04.2024, S. 13 mit Foto
_tMärkische Oderzeitung
942 _2z
_cA
999 _c373057
_d373057